000 00733nam1a22002291 4500
001 rc\4724568
005 20130416213450.2
035 _a(NLR Aleph) 008444128
090 _a9497303
_c9497303
100 _a20130416d1960 |||y0rusy50 ca
101 0 _arus
102 _aRU
105 _a j |||||
200 1 _aРадионавигационные устройства
_e(Лекции)
_eВып. 1-
_fХарьковск. высш. авиац.-инж. воен. училище
210 _aХарьков
_cБ. и.
_d1960
215 _d22
700 1 _aСердаков
_bА. С.
_gАлександр Семенович
801 0 _aRU
_bNLR
_gpsbo
801 1 _aRU
_bELAR
_2rusmarc
852 _aNLR
_j60-6/6553
942 _cBOOK
980 _aNB